| 000 | 00472cam a22001571a 4500 | ||
|---|---|---|---|
| 082 |
_a910 _bFAW |
||
| 100 | 1 |
_aFawcett, Charles Bungay, _950475 |
|
| 245 | 1 | 0 |
_aFrontiers : _ba study in political geography / _cby C.B. Fawcett. |
| 260 |
_aOxford : _bClarendon, _c1918. |
||
| 300 |
_a107 p. : _bmaps ; _c19 cm. |
||
| 526 |
_a0 _b0 _c0 _d910_000000000000000_FAW |
||
| 650 | 0 |
_aBoundaries. _949801 |
|
| 650 | 0 |
_aMCE _9379 |
|
| 650 | 0 |
_aPolitical geography. _933745 |
|
| 942 |
_2ddc _cBK |
||
| 999 |
_c553212 _d553212 |
||